[Event "Satka Autumn 2017"]
[Site "Satka"]
[Date "2017.09.19"]
[Round "8"]
[White "Nosacheva, Mariya"]
[Black "Gutkovich, Polina"]
[Result "1-0"]
[WhiteElo "2077"]
[BlackElo "2012"]
[Annotator "NA RC"]
[PlyCount "93"]
[EventDate "2017.??.??"]
[EventType "swiss"]
[EventCountry "RUS"]
[SourceTitle "playchess.com"]
[Source "ChessBase"]
[SourceQuality "1"]
[TimeControl "5400+30"]

{[%evp 27,80,46,52,5,12,10,4,0,8,-6,0,-9,0,0,0,-16,-6,-18,0,-21,0,-41,-28,-105,-58,-29,-32,-18,-26,-100,-102,-470,-485,-413,-99,-527,-494,-633,-626,-605,-641,-589,-763,-605,-183,-847,32767,32767,32767,32767,32767,32767,32767,32767,357]} 1. e4 {[%emt 0:00:00]} c5 {[%emt 0:00:06]} 2. Nf3 {[%emt 0:00:00]} Nc6 {[%emt 0:00:04]} 3. d4 {[%emt 0:00:00]} cxd4 {[%emt 0:00:04]} 4. Nxd4 {[%emt 0:00:00]} Nf6 {[%emt 0:00:02]} 5. Nc3 {[%emt 0:00:08]} e5 {[%emt 0:00:04]} 6. Ndb5 {[%emt 0:00:11]} d6 {[%emt 0:00:05]} 7. Bg5 {[%emt 0:00:06]} a6 {[%emt 0:00:03]} 8. Na3 {[%emt 0:00:18]} b5 {[%emt 0:00:03]} 9. Nd5 {[%emt 0:00:23]} Be7 {[%emt 0:00:06]} 10. Bxf6 {[%emt 0:00:07]} Bxf6 {[%emt 0:00:02]} 11. c3 {[%emt 0:00:36]} O-O {[%emt 0:00:10]} 12. Nc2 {[%emt 0:00:14]} Rb8 {[%emt 0:00:08]} 13. h4 {[%emt 0:00:15]} Be7 {[%emt 0:00:22]} 14. g3 {[%emt 0:03:57] B33: Sicilian: Pelikan and Sveshnikov Variations} a5 {[%emt 0:01:47]} 15. Bg2 {[%emt 0:04:04]} Be6 {[%emt 0:00:45]} 16. Nce3 {[%emt 0:00:59]} Qd7 {[%emt 0:01:53]} 17. O-O {[%emt 0:00:38]} Bd8 {[%emt 0:01:02]} 18. Qd3 {[%emt 0:07:41]} Ne7 {[%emt 0:11:59] [#]} 19. Rfd1 $146 {[%emt 0:06:23]} ({Find the theoretical novelty and annotate with similar games:} 19. Nxe7+ Bxe7 20. a3 Rfc8 21. Rfd1 g6 {½-½ (40) Shirov,A (2714)-Timofeev,A (2622) Sarajevo 2005}) 19... Nxd5 {[%emt 0:01:55]} 20. Nxd5 {[%emt 0:04:24]} Bb6 {[%emt 0:02:24]} 21. Rd2 {[%emt 0:04:40]} Bc5 {[%emt 0:07:24]} 22. a3 {[%emt 0:02:47]} a4 {[%emt 0:00:12]} 23. Re1 {[%emt 0:04:17]} Qa7 {[%emt 0:01:51]} 24. Ne3 {[%emt 0:06:40]} Kh8 {[%emt 0:04:28]} 25. h5 {[%emt 0:10:21] [#]} (25. Kh2 $11) 25... Qe7 {[%emt 0:03:34]} (25... g6 $1 $17) 26. Bf3 $1 {[%emt 0:14:52]} Qg5 {[%emt 0:02:17]} 27. Kg2 $1 {[%emt 0:00:32]} h6 {[%emt 0:15:18]} 28. Nd5 {[%emt 0:09:52]} (28. Rde2 $11) 28... f5 {[%emt 0:03:08]} 29. Nc7 $2 {[%emt 0:01:22]} (29. exf5 $17 {is a better chance.} Bxf5 30. Be4) 29... Bc4 {[%emt 0:08:43]} 30. Qc2 {[%emt 0:00:06]} Rbd8 $2 {[%emt 0:01:02]} (30... Rb7 $19 {is more deadly.} 31. Na6 Bb6 32. Rxd6 fxe4 33. Qxe4 Rbf7) 31. Rh1 $2 {[%emt 0:07:45]} (31. Nd5 $17 {is tougher.}) 31... Rf7 {[%emt 0:01:01]} 32. Na6 {[%emt 0:00:29]} Ba7 {[%emt 0:00:44]} 33. exf5 {[%emt 0:06:58]} Rxf5 {[%emt 0:01:28]} 34. Be4 {[%emt 0:00:43]} Rf4 {[%emt 0:00:40]} 35. f3 {[%emt 0:01:01]} Rdf8 $2 {[%emt 0:04:16]} (35... d5 36. Rhd1 Bb3) 36. Nb4 $2 {[%emt 0:00:09]} (36. Rxd6 $17 R4f6 37. Qd1 (37. Rxf6 gxf6 38. Bg6 f5 $19)) 36... Bf7 {[%emt 0:11:15]} 37. Rxd6 {[%emt 0:01:47]} Bxh5 {[%emt 0:00:51]} 38. Rxh5 {[%emt 0:00:02]} Qxh5 {[%emt 0:00:31]} 39. gxf4 {[%emt 0:00:23]} exf4 {[%emt 0:00:33]} 40. Rg6 {[%emt 0:00:27]} Rf6 $18 {[%emt 0:02:20]} 41. Qd3 {[%emt 0:02:29]} Qc5 {[%emt 0:01:53]} 42. Qd8+ {[%emt 0:01:04]} Rf8 {[%emt 0:00:04]} 43. Qd4 {[%emt 0:00:04]} Qe7 {[%emt 0:00:13]} 44. Rxh6+ {[%emt 0:00:19]} Kg8 {[%emt 0:00:14]} 45. Bh7+ {[%emt 0:00:58]} Kh8 {[%emt 0:00:17]} 46. Bg6+ {[%emt 0:00:07]} Kg8 {[%emt 0:00:04]} 47. Qd5+ {[%emt 0:00:03]} 1-0

[Event "Satka Autumn 2017"]
[Site "Satka"]
[Date "2017.09.19"]
[Round "8"]
[White "Nasybullina, Alfia"]
[Black "Mirzoeva, Elmira"]
[Result "0-1"]
[WhiteElo "2045"]
[BlackElo "2329"]
[Annotator "TA"]
[PlyCount "184"]
[EventDate "2017.??.??"]
[EventType "swiss"]
[EventCountry "RUS"]
[SourceTitle "playchess.com"]
[Source "ChessBase"]
[SourceQuality "1"]

{[%evp 17,184,30,40,25,30,-10,77,74,66,63,77,77,83,56,113,58,68,65,60,41,122,101,146,135,143,124,143,143,166,165,204,162,154,105,105,107,108,100,100,100,93,98,108,0,0,1,115,0,115,0,107,0,75,79,115,96,92,0,0,0,0,0,58,0,0,0,0,0,0,0,-2,-25,-23,-7,-5,-8,0,0,0,0,0,0,0,0,0,0,0,0,0,-88,-73,-204,-198,-200,-186,-313,-277,-246,0,0,0,-25,-25,-12,-16,-75,-89,-139,-111,-143,-129,-149,-138,-142,-150,-369,-370,-368,-364,-345,-348,-411,-333,-405,-401,-335,-392,-618,-596,-755,-732,-734,-731,-730,-713,-12841,-12841,-12851,-12851,-12851,-29978,-12851,-29977,-12851,-29979,-12851,-12851,-12851,-29979,-12851,-29982,-12851,-29982,-12851,-29982,-12851,-29980,-12851,-29981,-12851,-29982,-12851,-29986,-12851,-29995,-12851,-29996,-12851,-29998]} 1. Nf3 c5 2. c4 Nc6 3. d4 cxd4 4. Nxd4 Nf6 5. Nc3 e6 6. e4 Bb4 7. Nxc6 bxc6 8. Bd3 Bxc3+ 9. bxc3 Qa5 {LiveBook: 3 Games. B44: Sicilian: Taimanov: 5 Nb5} 10. Qb3 (10. Bd2 O-O 11. O-O Ba6 12. Qe2 d5 13. e5 Nd7 14. Rfe1 Bxc4 15. Bxc4 dxc4 16. Rad1 Nb6 17. Qg4 {½-½ (64) Budimir,B (2328)-Stojanovic,D (2492) Djakovo 2006}) 10... O-O 11. Qb4 Qc7 $146 (11... Qxb4 $11 12. cxb4 d5) ({Predecessor:} 11... Qh5 12. Ba3 Re8 13. O-O e5 14. Qd6 Ba6 15. Rab1 Qg4 16. Qc7 d5 17. f3 {½-½ (24) Maiorov,D (1958)-Hentzgen,T (2035) Germany 2013}) 12. Ba3 $16 {[%csl Ga3][%cal Rb4f8]} Re8 13. Qd6 Qxd6 14. Bxd6 Ba6 15. e5 Ng4 (15... Nd5 $1 $14) 16. Ke2 (16. Be2 $16 Nh6 17. Bc5) 16... f6 $14 17. f4 $36 {[%mdl 2048] White fights for an advantage.} c5 18. Kf3 f5 ({Black should play} 18... Nh6 $1 $14) 19. Rab1 $16 Nh6 20. Bxc5 Rec8 21. Bd4 Rc7 22. Rb4 Kf7 23. Rhb1 Ke7 24. Be2 Nf7 25. c5 Bxe2+ 26. Kxe2 Nd8 27. Kd3 Nc6 28. R4b2 Rg8 29. h4 Rcc8 30. h5 (30. Rb7 $16) 30... g5 $11 31. hxg6 Rxg6 (31... hxg6 $11 32. Rh1 Rh8) 32. Rh1 (32. Bf2 $16) 32... Rh8 (32... Rcg8 $11) 33. Rh3 ({White has to play} 33. Bf2 $16) 33... Rg4 (33... Rhg8 $1 $11) 34. Be3 (34. g3 $16) 34... h5 (34... Rhg8 $11 {remains equal.}) 35. g3 $1 $16 Kf7 36. Rbh2 Rgg8 37. Rxh5 (37. Kc2 $16) 37... Rxh5 $11 38. Rxh5 Rxg3 $16 {[%mdl 4096] Endgame KRB-KRN} 39. Rh7+ Ke8 (39... Rg7 $11 40. Rxg7+ Kxg7) 40. Ke2 (40. Rh8+ $1 $14 Kf7 41. Ke2) 40... Kd8 $11 41. Kf2 Rg8 42. Kf3 Kc7 43. Rh2 Rb8 44. Bd4 Rb1 45. Ke3 a5 46. Kd3 a4 47. Be3 Ne7 48. Rc2 Nd5 49. Bc1 Kc6 50. Kc4 Rb5 (50... a3 $5) 51. Kd4 {aiming for c4.} Rb1 52. Kc4 Rb8 53. Rg2 (53. Kd4 $11 {keeps the balance.}) 53... Rh8 $1 $17 54. Kd4 {[#]} (54. Bd2 $17 {keeps fighting.}) 54... Rh1 $1 $19 {[%cal Rh1c1]} 55. Bd2 Rf1 56. c4 (56. Rg8 $142) 56... Nxf4 57. Rg8 Ne2+ $2 (57... Rf2 $19 58. Be3 Rf3 59. Rc8+ Kb7) 58. Ke3 $11 Nc1 59. Ba5 {Black must now prevent Rc8+.} f4+ 60. Ke4 {Hoping for Rc8+.} Kb7 61. Rd8 {[#]} (61. Rg2 $11) 61... Rd1 $1 $17 62. a3 Nb3 63. Bb4 Rd4+ 64. Kf3 Kc7 65. Ra8 Rxc4 66. Rxa4 $2 (66. Ra6 $17) 66... Kb7 $19 67. Kg4 Nxc5 68. Ra5 Nd3 69. Bd2 {If only White now had time for Kf3....} Kb6 70. a4 {If White can now play Kf3 this consolidates a bit.} Rc2 71. Rb5+ Kc6 72. Ba5 (72. Bb4 $142) 72... Ra2 73. Bc3 Rxa4 74. Rb8 Kd5 75. Rb7 Nxe5+ 76. Bxe5 Kxe5 77. Rxd7 {KR-KR} Ra3 78. Rb7 Rg3+ (78... f3 $19 79. Kh3 Kd4 80. Rb4+ Kc5) 79. Kh4 Rg8 80. Kh3 Ke4 (80... f3 $19 81. Kh2 Rg2+ 82. Kh3 Rg1) 81. Rb4+ Kf5 82. Rb7 e5 83. Kh2 e4 84. Rb5+ Kg4 85. Kg2 Ra8 (85... f3+ $19 86. Kf2 Kf4) 86. Rb2 Ra3 (86... e3 $19 87. Kh2 Ra1) 87. Kh2 Rd3 (87... f3 $19 88. Rd2 e3 89. Rd4+ Kf5) 88. Rg2+ Kf3 89. Kh3 e3 90. Kh2 e2 91. Rg1 Rd1 92. Rg2 e1=Q {Precision: White = 36%, Black = 53%.} 0-1

[Event "Satka Autumn 2017"]
[Site "Satka"]
[Date "2017.09.19"]
[Round "8"]
[White "Simakova, Elena"]
[Black "Vinokur, Yuliya"]
[Result "1-0"]
[WhiteElo "1951"]
[BlackElo "2086"]
[Annotator "NA RC"]
[PlyCount "99"]
[EventDate "2017.??.??"]
[EventType "swiss"]
[EventCountry "RUS"]
[SourceTitle "playchess.com"]
[Source "ChessBase"]
[SourceQuality "1"]
[TimeControl "5400+30"]

{[%evp 18,61,19,0,1,3,16,8,12,0,0,-24,1,0,25,16,30,0,48,59,82,96,91,91,107,107,87,85,109,112,147,132,129,157,148,200,166,143,113,129,115,153,146,171,212,174]} 1. e4 {[%emt 0:00:00]} c5 {[%emt 0:00:15]} 2. Nf3 {[%emt 0:00:00]} Nc6 {[%emt 0:00:05]} 3. d4 {[%emt 0:00:00]} cxd4 {[%emt 0:01:48]} 4. Nxd4 {[%emt 0:00:00]} Nf6 {[%emt 0:02:49]} 5. Nc3 {[%emt 0:00:05]} e5 {[%emt 0:00:05]} 6. Ndb5 {[%emt 0:00:47]} d6 {[%emt 0:00:48]} 7. Nd5 {[%emt 0:00:41]} Nxd5 {[%emt 0:00:09]} 8. exd5 {[%emt 0:00:06]} Nb8 {[%emt 0:00:11]} 9. c4 {[%emt 0:00:15]} Be7 {[%emt 0:06:17]} 10. Be2 {[%emt 0:01:45]} O-O {[%emt 0:01:46]} 11. O-O {[%emt 0:00:14]} a6 {[%emt 0:04:41]} 12. Nc3 {[%emt 0:00:08]} Nd7 {[%emt 0:00:05]} 13. Qc2 {[%emt 0:06:00] B33: Sicilian: Pelikan and Sveshnikov Variations} (13. Rb1 f5 14. b4 e4 15. c5 Ne5 16. Bb2 Bd7 17. a4 Bf6 18. Rc1 Kh8 19. Ba3 Ng6 20. f4 exf3 21. Bxf3 Ne5 {½-½ (46) Polgar,J (2708)-Karjakin,S (2694) Bilbao 2007}) 13... f5 {[%emt 0:03:29]} 14. f4 {[%emt 0:04:44] LiveBook: 11 Games} Qe8 {[%emt 0:11:50]} 15. Kh1 $146 {[%emt 0:09:48]} ({Find the theoretical novelty and annotate with similar games:} 15. Be3 Bf6 16. Rae1 exf4 17. Bxf4 Be5 18. Bd3 g6 19. b4 b6 20. Kh1 Qd8 21. Ne2 Qc7 {1-0 (51) Kickert,G (1920)-Hannes,D (1922) Willingen 2005}) 15... Kh8 {[%emt 0:04:05]} 16. Bd2 {[%emt 0:02:11]} e4 {[%emt 0:05:05]} 17. g4 {[%emt 0:09:18]} Nc5 {[%emt 0:11:18]} 18. g5 {[%emt 0:09:28]} Qf7 {[%emt 0:08:43]} 19. b4 {[%emt 0:03:01]} Nd7 {[%emt 0:01:22]} 20. Be3 {[%emt 0:02:16]} b6 {[%emt 0:03:19]} 21. Qa4 {[%emt 0:15:52]} Rb8 {[%emt 0:07:03]} 22. Bd4 {[%emt 0:10:02]} Bd8 {[%emt 0:07:30]} 23. Rg1 {[%emt 0:03:43]} b5 {[%emt 0:07:14]} 24. cxb5 {[%emt 0:01:53]} axb5 {[%emt 0:00:23]} 25. Bxb5 {[%emt 0:02:52]} Nb6 {[%emt 0:01:01] [#]} 26. Qb3 $1 {[%emt 0:01:34]} Bb7 {[%emt 0:01:18]} 27. Rgd1 {[%emt 0:01:30]} Qh5 {[%emt 0:05:36]} 28. Be2 {[%emt 0:00:52]} Qh4 {[%emt 0:00:26]} 29. Rf1 {[%emt 0:03:56]} h6 {[%emt 0:01:55]} 30. gxh6 {[%emt 0:01:57]} Qxh6 {[%emt 0:00:14]} 31. a4 $18 {[%emt 0:04:35]} Bf6 {[%emt 0:03:25]} 32. Bxb6 {[%emt 0:00:57]} Rbc8 {[%emt 0:00:58]} 33. Rac1 {[%emt 0:01:27]} Qh3 {[%emt 0:00:42]} 34. Bc4 {[%emt 0:00:11]} g5 {[%emt 0:00:14]} 35. Ne2 {[%emt 0:01:38]} Qh6 {[%emt 0:00:21]} 36. Bd4 {[%emt 0:00:43]} Bxd4 {[%emt 0:00:43]} 37. Nxd4 {[%emt 0:00:04]} gxf4 {[%emt 0:00:03]} 38. Ne6 {[%emt 0:00:52]} Rg8 {[%emt 0:01:09]} 39. Qb2+ {[%emt 0:00:32]} Kh7 {[%emt 0:00:08]} 40. Rxf4 {[%emt 0:00:26]} Qh5 {[%emt 0:01:23]} 41. Qd4 {[%emt 0:02:31]} Rg6 {[%emt 0:00:29]} 42. Rcf1 {[%emt 0:00:35]} Rcg8 {[%emt 0:00:21]} 43. Rxf5 {[%emt 0:00:31]} Qh3 {[%emt 0:00:13]} 44. Rf7+ {[%emt 0:00:50]} Kh6 {[%emt 0:00:01]} 45. Nf4 {[%emt 0:00:11]} Rg1+ {[%emt 0:01:26]} 46. Rxg1 {[%emt 0:00:33]} Qf3+ {[%emt 0:00:00]} 47. Rg2 {[%emt 0:00:11]} Rxg2 {[%emt 0:00:16]} 48. Qh8+ {[%emt 0:00:27]} Kg5 {[%emt 0:00:04]} 49. Qg7+ {[%emt 0:00:31]} Kh4 {[%emt 0:00:42]} 50. Qh6+ {[%emt 0:00:26]} 1-0

[Event "Satka Autumn 2017"]
[Site "Satka"]
[Date "2017.09.19"]
[Round "8"]
[White "Matsenko, Elena"]
[Black "Trapeznikova, Darya"]
[Result "0-1"]
[WhiteElo "1927"]
[BlackElo "2101"]
[Annotator "TA"]
[PlyCount "34"]
[EventDate "2017.??.??"]
[EventType "swiss"]
[EventCountry "RUS"]
[SourceTitle "playchess.com"]
[Source "ChessBase"]
[SourceQuality "1"]

{[%evp 9,34,18,46,21,34,26,39,0,-6,-39,-22,-65,-66,-116,-115,-132,-93,-108,-102,-121,-105,-145,-99,-131,-121,-118,-125]} 1. Nf3 f5 2. d3 d6 3. e4 e5 4. Nc3 c5 (4... Nf6 5. exf5 Bxf5 6. d4 e4 7. Nh4 Bg4 8. Be2 Bxe2 9. Qxe2 d5 10. Bg5 Bb4 11. O-O O-O 12. Nf5 Nc6 {½-½ (36) Grischuk,A (2783)-Ponomariov,R (2731) Beijing 2013}) 5. g3 Nf6 {LiveBook: 8 Games} 6. Bg2 {A04: Unusual lines after 1 Nf3 and King's Indian Attack} Be7 7. O-O $146 ({Find the theoretical novelty and annotate with similar games:} 7. Bg5 O-O 8. Bxf6 Rxf6 9. Nd5 Rf8 10. Nxe7+ Qxe7 11. exf5 Bxf5 12. Nh4 Be6 13. Qh5 Bf7 14. Qg4 Be6 15. Qh5 Bf7 16. Qg4 Be6 17. Qh5 {½-½ (17) Kruse,J (2071)-Stemmler,F (1972) Dortmund 2017}) 7... O-O 8. exf5 {White is slightly better.} Bxf5 9. h3 Qd7 10. Kh2 Nc6 11. Be3 d5 {[%cal Bd6d5,Bd5d4][%mdl 32] And now ...d4 would win.} 12. Ne2 Bd6 13. Nh4 {[#]} Be6 $1 14. f4 d4 15. Bd2 Bd5 16. fxe5 Bxg2 17. Nxg2 Nxe5 {Precision: White = 42%, Black = 48%.} 0-1

[Event "Satka Autumn 2017"]
[Site "Satka"]
[Date "2017.09.19"]
[Round "8"]
[White "Nasybullina, Dayana"]
[Black "Lomakina, Galja"]
[Result "1/2-1/2"]
[WhiteElo "1724"]
[BlackElo "1962"]
[Annotator "NA RC"]
[PlyCount "185"]
[EventDate "2017.??.??"]
[EventType "swiss"]
[EventCountry "RUS"]
[SourceTitle "playchess.com"]
[Source "ChessBase"]
[SourceQuality "1"]
[TimeControl "5400+30"]

1. e4 {[%emt 0:00:00]} c6 {[%emt 0:00:07]} 2. d4 {[%emt 0:00:38]} d5 {[%emt 0:00:10]} 3. exd5 {[%emt 0:00:05]} cxd5 {[%emt 0:00:03]} 4. Bd3 {[%emt 0:00:12]} Nf6 {[%emt 0:00:34]} 5. h3 {[%emt 0:00:24]} Nc6 {[%emt 0:00:29]} 6. c3 {[%emt 0:00:08]} g6 {[%emt 0:00:20]} 7. Qc2 {[%emt 0:01:29] B13: Caro-Kann: Exchange Variation and Panov-Botvinnik Attack} (7. Nf3 Bf5 8. Be2 Bg7 9. O-O O-O 10. Bf4 Nh5 11. Be3 Qc7 12. Re1 Rad8 13. Na3 Nf4 14. Bf1 a6 {1-0 (31) Caruana,F (2807)-Navara,D (2737) Saint Louis 2017}) 7... Bg7 {[%emt 0:01:20]} 8. Bf4 {[%emt 0:00:14]} O-O {[%emt 0:00:49]} 9. Nf3 {[%emt 0:00:56]} Nh5 {[%emt 0:06:12]} 10. Bh2 {[%emt 0:01:44]} Bh6 {[%emt 0:00:25]} 11. O-O {[%emt 0:05:21]} Nf4 {[%emt 0:00:52]} 12. Bxf4 {[%emt 0:02:31]} Bxf4 {[%emt 0:00:08]} 13. Nbd2 {[%emt 0:01:17]} Qd6 {[%emt 0:02:36]} 14. Rfe1 {[%emt 0:04:27]} Qf6 $146 {[%emt 0:00:30]} ({Find the theoretical novelty and annotate with similar games:} 14... Bd7) 15. Nb3 {[%emt 0:10:16]} Bd6 {[%emt 0:01:05]} 16. Qe2 {[%emt 0:02:52]} Bf5 {[%emt 0:01:22]} 17. Ne5 {[%emt 0:02:42]} Bxd3 {[%emt 0:12:27]} 18. Qxd3 {[%emt 0:02:51]} Rfd8 {[%emt 0:06:09]} 19. Qe3 {[%emt 0:04:57]} e6 {[%emt 0:07:22]} 20. Nd2 {[%emt 0:02:18]} Bxe5 {[%emt 0:05:35]} 21. dxe5 {[%emt 0:00:26]} Qg7 {[%emt 0:00:27]} 22. Nb3 {[%emt 0:01:47]} a6 {[%emt 0:03:59]} 23. Rac1 {[%emt 0:01:42]} b5 {[%emt 0:02:30]} 24. Nd4 {[%emt 0:06:28]} Na5 {[%emt 0:00:14]} 25. Qe2 {[%emt 0:01:23]} Rdc8 {[%emt 0:01:39]} 26. b3 {[%emt 0:04:25]} Qf8 {[%emt 0:00:54]} 27. Qd2 {[%emt 0:02:09]} Nb7 {[%emt 0:02:06]} 28. b4 {[%emt 0:06:29]} Rc4 {[%emt 0:01:42]} 29. h4 {[%emt 0:01:49]} h5 {[%emt 0:02:51]} 30. Re3 {[%emt 0:03:22]} Qh6 {[%emt 0:02:20]} 31. Qe1 {[%emt 0:04:01]} Rac8 {[%emt 0:00:22]} 32. Ra1 {[%emt 0:01:33]} Nd8 {[%emt 0:01:54]} 33. a4 {[%emt 0:03:02]} bxa4 {[%emt 0:00:55]} 34. Rxa4 {[%emt 0:01:05]} ({White should try} 34. g3) 34... Nc6 {[%emt 0:01:25]} 35. Nxc6 {[%emt 0:10:53]} R8xc6 {[%emt 0:00:21]} ({But not} 35... R4xc6 36. Ra1 $11) 36. Qe2 {[%emt 0:06:05]} Qf4 {[%emt 0:06:20]} ({Better is} 36... Rxc3 $19 37. Rxc3 Rxc3) 37. g3 {[%emt 0:02:20]} Qf5 {[%emt 0:02:24]} 38. Kg2 {[%emt 0:00:42]} Qb1 {[%emt 0:06:04]} 39. Qa2 {[%emt 0:02:07]} Qxa2 {[%emt 0:02:43]} 40. Rxa2 {[%emt 0:00:05]} Kf8 {[%emt 0:00:14]} 41. Kf1 {[%emt 0:01:17]} Ke7 $11 {[%emt 0:01:54]} 42. Rd3 {[%emt 0:01:12]} Re4 {[%emt 0:01:57]} 43. Re2 {[%emt 0:00:50]} Rec4 {[%emt 0:01:17]} 44. Ra2 {[%emt 0:00:24]} Rb6 {[%emt 0:01:17]} 45. f3 {[%emt 0:00:33]} Rbc6 {[%emt 0:00:12]} 46. Ke2 {[%emt 0:00:30]} Kd7 {[%emt 0:00:14]} 47. Kd2 {[%emt 0:00:13]} Kc7 {[%emt 0:00:17]} 48. Rc2 {[%emt 0:00:58]} Kb6 {[%emt 0:00:17]} 49. Rd4 {[%emt 0:00:30]} Kb5 {[%emt 0:00:30]} 50. Rd3 {[%emt 0:00:43]} Rc8 {[%emt 0:00:45]} 51. Ra2 {[%emt 0:00:11]} Rd8 {[%emt 0:00:43]} 52. Ra5+ {[%emt 0:00:17]} Kb6 {[%emt 0:00:01]} 53. Rd4 {[%emt 0:00:21]} Rc7 {[%emt 0:02:55]} 54. Ra3 {[%emt 0:00:53]} Rg8 {[%emt 0:01:14]} 55. f4 {[%emt 0:00:29]} Rgc8 {[%emt 0:00:15]} 56. Kd3 {[%emt 0:00:45]} Rf8 {[%emt 0:01:32]} 57. c4 {[%emt 0:00:38]} dxc4+ {[%emt 0:00:29]} 58. Rxc4 {[%emt 0:00:03]} Rd8+ {[%emt 0:01:02]} 59. Kc3 {[%emt 0:00:05]} Rcd7 {[%emt 0:00:37]} 60. Kb3 {[%emt 0:00:28]} Rd3+ {[%emt 0:00:46]} 61. Rc3 {[%emt 0:00:08]} R3d4 {[%emt 0:01:39]} 62. Rc4 {[%emt 0:00:21]} Rd1 {[%emt 0:00:23]} 63. Rc3 {[%emt 0:01:11]} R8d4 {[%emt 0:00:21]} 64. Ka4 {[%emt 0:01:11]} a5 {[%emt 0:00:50]} 65. Rcb3 {[%emt 0:00:19]} Rc4 {[%emt 0:01:31]} 66. Ra2 {[%emt 0:00:15]} Rd5 {[%emt 0:01:59]} 67. Ka3 {[%emt 0:00:58]} axb4+ {[%emt 0:01:31]} 68. Rxb4+ {[%emt 0:00:04]} Rxb4 {[%emt 0:00:13]} 69. Kxb4 {[%emt 0:00:04]} Rd3 {[%emt 0:00:05]} 70. Rg2 {[%emt 0:00:23]} Kc6 {[%emt 0:00:26]} 71. Kc4 {[%emt 0:00:05]} Ra3 {[%emt 0:00:42]} 72. Kd4 {[%emt 0:00:19]} Kb5 {[%emt 0:01:00]} 73. Rb2+ {[%emt 0:00:24]} Kc6 {[%emt 0:00:38]} 74. Rc2+ {[%emt 0:00:13]} Kb7 {[%emt 0:00:13]} 75. Rc3 {[%emt 0:00:11]} Rxc3 {[%emt 0:02:07]} 76. Kxc3 {[%emt 0:00:05]} Kc7 {[%emt 0:01:28]} 77. Kd2 {[%emt 0:02:54]} Kb6 {[%emt 0:00:22]} 78. Ke3 {[%emt 0:00:44]} Kc5 {[%emt 0:00:24]} 79. Kf3 {[%emt 0:00:20]} Kd4 {[%emt 0:01:38]} 80. g4 {[%emt 0:00:29]} Kd3 {[%emt 0:00:58]} 81. gxh5 {[%emt 0:00:36]} gxh5 {[%emt 0:00:17]} 82. f5 {[%emt 0:00:15]} Kd4 {[%emt 0:01:41]} 83. Kf4 {[%emt 0:00:18]} Kd5 {[%emt 0:00:16]} 84. fxe6 {[%emt 0:00:57]} fxe6 {[%emt 0:00:07]} 85. Kg5 {[%emt 0:00:21]} Kxe5 {[%emt 0:00:06]} 86. Kg6 {[%emt 0:00:33]} Kf4 {[%emt 0:00:21]} 87. Kxh5 {[%emt 0:00:06]} Kf5 {[%emt 0:00:17]} 88. Kh6 {[%emt 0:00:04]} e5 {[%emt 0:00:06]} 89. h5 {[%emt 0:00:17]} Kf6 {[%emt 0:00:38]} 90. Kh7 {[%emt 0:00:05]} e4 {[%emt 0:00:37]} 91. h6 {[%emt 0:00:03]} Kf7 {[%emt 0:02:31]} 92. Kh8 {[%emt 0:00:06]} e3 {[%emt 0:01:15]} 93. h7 {[%emt 0:00:05]} 1/2-1/2

[Event "Satka Autumn 2017"]
[Site "Satka"]
[Date "2017.09.20"]
[Round "9"]
[White "Charochkina, Daria"]
[Black "Nasybullina, Dayana"]
[Result "1-0"]
[WhiteElo "2339"]
[BlackElo "1724"]
[Annotator "TA"]
[PlyCount "91"]
[EventDate "2017.??.??"]
[EventType "swiss"]
[EventCountry "RUS"]
[SourceTitle "playchess.com"]
[Source "ChessBase"]
[SourceQuality "1"]

{[%evp 17,91,31,31,25,46,54,62,45,52,66,73,7,54,43,81,41,76,75,76,73,96,66,98,48,40,57,150,134,141,93,90,84,137,135,314,315,313,310,287,195,229,229,229,229,229,229,229,229,222,202,259,259,259,259,259,259,259,259,259,259,242,239,244,232,317,272,509,503,691,700,882,787,791,779,735,727]} 1. d4 Nf6 2. Bf4 d5 3. e3 Bf5 4. c4 e6 5. Qb3 Qc8 6. Nc3 {D00: 1 d4 d5: Unusual lines} c6 7. Rc1 (7. Nf3 Nbd7 8. h3 Be7 9. Be2 O-O 10. O-O Nb6 11. c5 Nbd7 12. Qd1 Ne4 13. Rc1 Re8 14. Nxe4 Bxe4 15. Nd2 Bg6 16. Bh2 a5 17. Nb1 Bd8 18. Nc3 e5 19. Re1 Bc7 {½-½ (60) Grischuk,A (2810)-Wang,H (2710) Beijing 2014}) 7... Be7 8. Nf3 O-O 9. Be2 Nbd7 {LiveBook: 4 Games} 10. Nh4 $146 ({Find the theoretical novelty and annotate with similar games:} 10. O-O h6 11. Nd2 Nb6 12. a4 dxc4 13. Nxc4 Nxc4 14. Qxc4 {1-0 (42) Kazhgaleyev,M (2578)-Umarbekov,A (2213) Astana 2017}) 10... Bg6 11. Nxg6 hxg6 12. O-O Nb6 13. cxd5 Nbxd5 14. Nxd5 (14. Be5 $16) 14... Nxd5 15. Bg3 {[%cal Bf4g3,Bg3e1,Be1a5][%mdl 32]} Qd7 16. Rfd1 Rfd8 17. e4 Nf6 18. f3 Rac8 19. Be1 Bf8 20. Ba5 b6 21. Be1 Qe7 (21... Qb7 $14) 22. Ba6 Rc7 23. Bg3 Rcd7 24. Be5 $36 {[%mdl 2048] White has strong initiative.} Nh5 (24... c5 $142) 25. Rxc6 $16 {And now Bc8 would win.} Qb4 $2 {[#]} (25... Qg5 $16) 26. Qxb4 $18 Bxb4 27. g4 Nf6 28. Kf2 Bc5 29. Ke3 Ne8 30. Bc8 Re7 31. Rc1 Bd6 32. Bxd6 Nxd6 33. Ba6 f6 34. Rc7 Kf7 35. Rxe7+ Kxe7 {[%mdl 4096] Endgame KRB-KRN} 36. Rc7+ Rd7 37. Rxd7+ Kxd7 {KB-KN} 38. e5 Nf7 39. f4 Nh6 40. h3 Ng8 41. Bb5+ Kd8 $2 (41... Ke7 {was called for.} 42. Bc4 Nh6) 42. Bc4 {White is clearly winning.} Ke7 {[#]} 43. f5 $1 {[%mdl 512]} gxf5 (43... exf5 44. Bxg8) 44. gxf5 Nh6 45. Bxe6 g6 46. Ke4 {Precision: White = 70%, Black = 23%.} 1-0